000 00737nam a22001815i 4500
001 168200
003 ES-MaACL
005 20250717013107.0
008 991102s1882 fr |||| | fre d
040 _aCAM
_bspa
_cCAM
100 1 _aZola, Émile,
_d1840-1902
_9118331
245 1 0 _aNana /
_cpar Emile Zola; edition illustrée par André Gill, Bertall, G. Bellenger, Bigot, Clairin, etc.
260 _aParis :
_bC. Marpon et E. Flammarion éditeurs,
_c1882 (
_fImprimerie Emile Martinet)
300 _a456 p. :
_bil. ;
_c28 cm.
700 1 1 _aGill, André
_bil.
_9127317
852 _aES-MaACL
_jC-2762
_z-- Enc. hol., conservando la cub. anterior
_z-- Legado de M. de la Fuente
_q-- Falto de port.
999 _c168200
_d168200